Critical care nursing : (Record no. 270)

MARC details
000 -LEADER
fixed length control field 01224cam a2200337 a 4500
001 - CONTROL NUMBER
control field 2049997
003 - CONTROL NUMBER IDENTIFIER
control field OSt
005 - DATE AND TIME OF LATEST TRANSACTION
control field 20210213104335.0
008 - FIXED-LENGTH DATA ELEMENTS--GENERAL INFORMATION
fixed length control field 930604s1994 paua b 001 0 eng c
010 ## - LIBRARY OF CONGRESS CONTROL NUMBER
LC control number 93011419
020 ## - INTERNATIONAL STANDARD BOOK NUMBER
International Standard Book Number 0397547439
040 ## - CATALOGING SOURCE
Original cataloging agency DNLM/DLC
Transcribing agency DLC
Modifying agency DLC
-- PHNSL
050 00 - LIBRARY OF CONGRESS CALL NUMBER
Classification number RT120.I5
Item number C744 1994
060 00 - NATIONAL LIBRARY OF MEDICINE CALL NUMBER
Classification number WY 154 C9328 1994
082 00 - DEWEY DECIMAL CLASSIFICATION NUMBER
Classification number 610.73/61
Edition number 20
245 00 - TITLE STATEMENT
Title Critical care nursing :
Remainder of title a holistic approach /
Statement of responsibility, etc. [edited by] Carolyn M. Hudak, Barbara M. Gallo ; special editor, Julie J. Benz.
250 ## - EDITION STATEMENT
Edition statement 5th ed.
260 ## - PUBLICATION, DISTRIBUTION, ETC.
Place of publication, distribution, etc. Philadelphia, Pa. :
Name of publisher, distributor, etc. Lippincott,
Date of publication, distribution, etc. 1990.
300 ## - PHYSICAL DESCRIPTION
Extent xxv, 898 p. :
Other physical details ill. (some col.) ;
Dimensions 29 cm.
504 ## - BIBLIOGRAPHY, ETC. NOTE
Bibliography, etc. note Includes bibliographical references and index.
650 #0 - SUBJECT ADDED ENTRY--TOPICAL TERM
Topical term or geographic name entry element Intensive care nursing.
650 #0 - SUBJECT ADDED ENTRY--TOPICAL TERM
Topical term or geographic name entry element Holistic nursing.
650 #2 - SUBJECT ADDED ENTRY--TOPICAL TERM
Topical term or geographic name entry element Critical Care
General subdivision nurses' instruction.
650 #2 - SUBJECT ADDED ENTRY--TOPICAL TERM
Topical term or geographic name entry element Holistic Health
General subdivision nurses' instruction.
700 1# - ADDED ENTRY--PERSONAL NAME
Personal name Hudak, Carolyn M.
700 1# - ADDED ENTRY--PERSONAL NAME
Personal name Gallo, Barbara M.
700 1# - ADDED ENTRY--PERSONAL NAME
Personal name Benz, Julie J.
906 ## - LOCAL DATA ELEMENT F, LDF (RLIN)
a 7
b cbc
c orignew
d 1
e ocip
f 19
g y-gencatlg
942 ## - ADDED ENTRY ELEMENTS (KOHA)
Source of classification or shelving scheme Library of Congress Classification
Koha item type Books
Holdings
Withdrawn status Lost status Source of classification or shelving scheme Damaged status Not for loan Home library Current library Shelving location Date acquired Full call number Barcode Date last seen Copy number Price effective from Koha item type Public note
    Library of Congress Classification     Public Health Nurses School Public Health Nurses School General Stacks 02/13/2021 RT120.I5 C86 01336 02/13/2021 c.1 02/13/2021 Books soa 13/02/21
    Library of Congress Classification     Public Health Nurses School Public Health Nurses School General Stacks 02/13/2021 RT120.I5 C86 01337 02/13/2021 c.2 02/13/2021 Books soa 13/02/21
    Library of Congress Classification     Public Health Nurses School Public Health Nurses School General Stacks 02/13/2021 RT120.I5 C86 01338 02/13/2021 c.3 02/13/2021 Books soa 13/02/21
    Library of Congress Classification     Public Health Nurses School Public Health Nurses School General Stacks 02/13/2021 RT120.I5 C86 01339 02/13/2021 c.4 02/13/2021 Books soa 13/02/21
Copyright © 2025 PHNS Library. All Rights Reserved.